000 00372nam a22001577a 4500
003 OSt
005 20240422101110.0
008 231007b |||||||| |||| 00| 0 eng d
020 _a8173814945
040 _cIIMT UNIVERSITY
100 _aBISWAS, D.
245 _aPROBABILITY AND STATISTICS VOL. II
260 _aNEW DELHI
_bNCBA
_c2016
300 _a314
942 _2ddc
_c03
999 _c57307
_d57307